Pre-Disney Star Wars Cast - Statistics

General Stats
  • This quiz has been taken 7 times
  • The average score is 15 of 21
Answer Stats
Character Actor % Correct
Princess Leia Carrie Fisher
100%
Han Solo Harrison Ford
100%
Luke Skywalker Mark Hamill
100%
Old Ben Kenobi Alec Guinness
86%
C-3PO Anthony Daniels
86%
Oni-Wan Kenobi Ewan McGregor
86%
Yoda Frank Oz
86%
Anakin Skywalker ( Phantom Menace ) Jake Lloyd
86%
Padme Amidala Natalie Portman
86%
Mace Windu Samuel L. Jackson
86%
Lando Calrissian Billy Dee Williams
71%
Darth Vader ( Voice ) James Earl Jones
71%
R2-D2 Kenny Baker
71%
Count Dooku Christopher Lee
57%
Darth Vader David Prowse
57%
Anakin Skywalker Hayden Christensen
57%
Chancellor Palpatine Ian McDiarmid
57%
Chewbacca Peter Mayhew
57%
Darth Maul Ray Park
57%
General Grievous Matthew Wood
43%
Jango Fett Temuera Morrison
43%
No matching quizzes found
Score Distribution
Percent of People with Each Score
Percentile by Number Answered
Your Score History
You have not taken this quiz